Statistics for Vehicles

Click here to take the quiz!

General Stats

  • This quiz has been taken 31 times
  • The average score is 5 of 6

Answer Stats

Answer% Correct
limo
95%
bicycle
91%
tractor
86%
tricycle
73%
hot air balloon
68%
cement truck
41%

Score Distribution

Percentile by Number Answered

Percent of People with Each Score

Your Score History

You have not taken this quiz